Polymer membranes for gas and vapor separation : Chemistry and materials science

保存先:
書誌詳細
第一著者: Freeman, B. D.
フォーマット: 図書
言語:Undetermined
出版事項: Washinton, DC American Chemical Society 1999
主題:
タグ: タグ追加
タグなし, このレコードへの初めてのタグを付けませんか!
Thư viện lưu trữ: Trung tâm Học liệu Trường Đại học Cần Thơ
LEADER 00616nam a2200205Ia 4500
001 CTU_65519
008 210402s9999 xx 000 0 und d
020 |c 1920000 
082 |a 660.2842 
082 |b F855 
100 |a Freeman, B. D. 
245 0 |a Polymer membranes for gas and vapor separation : 
245 0 |b Chemistry and materials science 
245 0 |c B. D. Freeman, I. Pinnau 
260 |a Washinton, DC 
260 |b American Chemical Society 
260 |c 1999 
650 |a Polymer separation,Membranes (technology) 
904 |i TUYẾN 
980 |a Trung tâm Học liệu Trường Đại học Cần Thơ